[Event "Muensterland Verbandsklasse 1314"]
[Site "Germany"]
[Date "2014.02.08"]
[Round "6.7"]
[White "Woltering, Julian"]
[Black "Miemietz, Carsten"]
[Result "0-1"]
[WhiteElo "1510"]
[BlackElo "1674"]
[PlyCount "55"]
[EventDate "2013.09.21"]
[EventType "team-tourn"]
[EventRounds "9"]
[EventCountry "GER"]
[SourceTitle "EXT 2015"]
[Source "ChessBase"]
[SourceDate "2014.11.20"]
[SourceVersion "1"]
[SourceVersionDate "2014.11.20"]
[SourceQuality "1"]
[WhiteTeam "Ahaus Wessum II"]
[BlackTeam "Muenster SK IV"]
[WhiteTeamCountry "GER"]
[BlackTeamCountry "GER"]

1. e4 b6 2. d4 Bb7 3. Bd3 e6 4. c4 Bb4+ 5. Bd2 Bxd2+ 6. Nxd2 f5 7. f3 Qh4+ 8. g3 Qh6 9. Qe2 fxe4 10. fxe4 Nf6 11. Ngf3 0-0 12. g4 Nxg4 13. Rg1 Qf4 14. h3 Nh6 15. 0-0-0 Nc6 16. Rdf1 g6 17. a3 Rad8 18. Qe1 Qf6 19. Ne5 Nxe5 20. dxe5 Qxe5 21. Nf3 Qg7 22. Qg3 d6 23. Ng5 Bc8 24. c5 Qd4 25. cxd6 Qxd6 26. Qxd6 Rxf1+ 27. Rxf1 Rxd6 28. Rf6 0-1

[Event "Muensterland Verbandsklasse-B 1112"]
[Site "Germany"]
[Date "2012.04.21"]
[Round "8.6"]
[White "Miemietz, Carsten"]
[Black "Boerger, Andreas1111"]
[Result "1/2-1/2"]
[WhiteElo "1716"]
[BlackElo "1644"]
[PlyCount "26"]
[EventDate "2011.09.17"]
[EventType "team-tourn"]
[EventRounds "9"]
[EventCountry "GER"]
[SourceTitle "EXT 2013"]
[Source "ChessBase"]
[SourceDate "2012.11.22"]
[SourceVersion "1"]
[SourceVersionDate "2012.11.22"]
[SourceQuality "1"]
[WhiteTeam "Muenster IV"]
[BlackTeam "Reckenfeld"]
[WhiteTeamCountry "GER"]
[BlackTeamCountry "GER"]

1. c4 f5 2. Nc3 Nf6 3. Nf3 g6 4. g3 Bg7 5. Bg2 0-0 6. 0-0 d6 7. d3 c6 8. Rb1 a5 9. a3 e5 10. b4 Qe8 11. b5 d5 12. bxc6 bxc6 13. cxd5 Nxd5 1/2-1/2

[Event "Muensterland Verbandsliga 0809"]
[Site "Germany"]
[Date "2009.03.21"]
[Round "8.8"]
[White "Miemietz, Carsten"]
[Black "Tenhuendfeld, Bernd"]
[Result "1-0"]
[WhiteElo "1917"]
[BlackElo "1787"]
[PlyCount "69"]
[EventDate "2008.09.20"]
[EventType "team-tourn"]
[EventRounds "9"]
[EventCountry "GER"]
[SourceTitle "EXT 2010"]
[Source "ChessBase"]
[SourceDate "2010.11.25"]
[SourceVersion "1"]
[SourceVersionDate "2010.11.25"]
[SourceQuality "1"]
[WhiteTeam "Muenster SK II"]
[BlackTeam "Ahaus Wessum"]
[WhiteTeamCountry "GER"]
[BlackTeamCountry "GER"]

1. c4 Nf6 2. Nc3 g6 3. Nf3 Bg7 4. g3 0-0 5. Bg2 d6 6. 0-0 c5 7. a3 Nc6 8. Rb1 Be6 9. d3 h6 10. b4 Qc8 11. bxc5 dxc5 12. Re1 Rd8 13. Qa4 a6 14. Bd2 Rd7 15. Rb6 g5 16. Reb1 Rc7 17. h4 Nd7 18. R6b2 g4 19. Ne1 Nde5 20. Qd1 Rb8 21. Nc2 Rd7 22. Qc1 Kh7 23. Ne3 Nd4 24. Ned5 Bxd5 25. Bxd5 e6 26. Bg2 f5 27. Bf4 b5 28. Qe3 Qc7 29. cxb5 axb5 30. Nxb5 Qa5 31. Bxe5 Rxb5 32. Rxb5 Nxb5 33. Bxg7 Nxa3 34. Qxh6+ Kg8 35. Rb8+ 1-0

[Event "Muensterland Verbandsklasse-B 0708"]
[Site "Germany"]
[Date "2008.04.12"]
[Round "8.5"]
[White "Miemietz, Carsten"]
[Black "Wigger, Reiner"]
[Result "1/2-1/2"]
[WhiteElo "1788"]
[BlackElo "1812"]
[PlyCount "35"]
[EventDate "2007.09.15"]
[EventType "team"]
[EventRounds "9"]
[EventCountry "GER"]
[SourceTitle "EXT 2009"]
[Source "ChessBase"]
[SourceDate "2008.11.26"]
[SourceVersion "1"]
[SourceVersionDate "2008.11.26"]
[SourceQuality "1"]
[WhiteTeam "Muenster SK V"]
[BlackTeam "Muenster Indische Dame"]
[WhiteTeamCountry "GER"]
[BlackTeamCountry "GER"]

1. c4 e5 2. Nc3 Bb4 3. Qc2 Nc6 4. Nf3 d6 5. g3 Be6 6. Nd5 Bc5 7. a3 Nge7 8. Nxe7 Qxe7 9. d3 0-0 10. b4 Nd4 11. Nxd4 Bxd4 12. Rb1 c6 13. e3 Bb6 14. Bg2 d5 15. 0-0 Qd7 16. Bb2 Bc7 17. Rfd1 Rac8 18. Rbc1 1/2-1/2

[Event "Muensterland Verbandsklasse-B 0708"]
[Site "Germany"]
[Date "2008.03.08"]
[Round "7.6"]
[White "Miemietz, Carsten"]
[Black "Janning, Rainer"]
[Result "1/2-1/2"]
[WhiteElo "1788"]
[BlackElo "1892"]
[PlyCount "66"]
[EventDate "2007.09.15"]
[EventType "team"]
[EventRounds "9"]
[EventCountry "GER"]
[SourceTitle "EXT 2009"]
[Source "ChessBase"]
[SourceDate "2008.11.26"]
[SourceVersion "1"]
[SourceVersionDate "2008.11.26"]
[SourceQuality "1"]
[WhiteTeam "Muenster SK V"]
[BlackTeam "Steinfurt"]
[WhiteTeamCountry "GER"]
[BlackTeamCountry "GER"]

1. c4 e6 2. Nc3 f5 3. d4 Nf6 4. Nf3 d5 5. e3 c6 6. Bd3 Bd6 7. 0-0 0-0 8. Ne5 Bxe5 9. dxe5 Ng4 10. f4 d4 11. h3 Nxe5 12. fxe5 dxc3 13. b4 Qc7 14. Qb3 Qxe5 15. a4 Na6 16. Be2 c5 17. b5 Nb4 18. Ra3 b6 19. Qxc3 Qxc3 20. Rxc3 Na2 21. Rd3 Nxc1 22. Rxc1 Bb7 23. Bf3 Rf7 24. Rcd1 Bxf3 25. gxf3 Re7 26. Rd6 Rc8 27. a5 bxa5 28. Ra1 Kf7 29. Rxa5 Rcc7 30. Raa6 Kf6 31. Kf2 h6 32. Rac6 g5 33. Kg3 Kf7 1/2-1/2

[Event "NRW Class2 0708"]
[Site "Germany"]
[Date "2008.01.13"]
[Round "5.7"]
[White "Miemietz, Carsten"]
[Black "Rohde, Ulrich"]
[Result "0-1"]
[WhiteElo "1946"]
[BlackElo "2229"]
[PlyCount "54"]
[EventDate "2007.09.16"]
[EventType "team"]
[EventRounds "9"]
[EventCountry "GER"]
[SourceTitle "EXT 2009"]
[Source "ChessBase"]
[SourceDate "2008.11.26"]
[SourceVersion "1"]
[SourceVersionDate "2008.11.26"]
[SourceQuality "1"]
[WhiteTeam "Muenster II"]
[BlackTeam "Godesberg II"]
[WhiteTeamCountry "GER"]
[BlackTeamCountry "GER"]

1. c4 e6 2. Nc3 Nf6 3. Nf3 Bb4 4. Qc2 0-0 5. d4 c5 6. e3 b6 7. Be2 Bb7 8. 0-0 cxd4 9. exd4 d5 10. cxd5 Nxd5 11. Ng5 Nf6 12. Bf3 Bxf3 13. Nxf3 Nbd7 14. Qb3 Bxc3 15. bxc3 Qc7 16. Re1 Rfc8 17. Bd2 Nd5 18. Rac1 Qc4 19. Qb2 Qd3 20. Red1 Qc4 21. Re1 b5 22. a3 a6 23. Ng5 Qd3 24. h3 N7b6 25. Nf3 Nc4 26. Qa2 Nxd2 27. Ne5 Nxc3 0-1

[Event "Muenster Bezirksliga 0506"]
[Site "Muenster"]
[Date "2005.11.19"]
[Round "3.2"]
[White "Miemietz, Carsten"]
[Black "Stopka, Tobias"]
[Result "1-0"]
[WhiteElo "1754"]
[BlackElo "1774"]
[PlyCount "57"]
[EventDate "2005.09.10"]
[EventType "team"]
[EventRounds "9"]
[EventCountry "GER"]
[SourceTitle "EXT 2007"]
[Source "ChessBase"]
[SourceDate "2006.11.23"]
[SourceVersion "1"]
[SourceVersionDate "2006.11.23"]
[SourceQuality "1"]
[WhiteTeam "Muenster V"]
[BlackTeam "Hiltrup"]
[WhiteTeamCountry "GER"]
[BlackTeamCountry "GER"]

1. c4 b6 2. Nc3 Bb7 3. d4 e6 4. e4 Bb4 5. Qg4 Nf6 6. Qxg7 Rg8 7. Qh6 Rg6 8. Qh3 Nxe4 9. Nge2 Qf6 10. f3 Ng5 11. Bxg5 Qxg5 12. Qxh7 f5 13. h4 Bxc3+ 14. bxc3 Qf6 15. h5 Rh6 16. Qg8+ Ke7 17. Qg3 Na6 18. Nf4 d6 19. Kd2 c5 20. Re1 Nc7 21. Ng6+ Kd7 22. Qh4 Qxh4 23. Rxh4 Rg8 24. Rh3 Ba6 25. Bd3 cxd4 26. cxd4 b5 27. d5 exd5 28. Bxf5+ Kc6 29. Ne7+ 1-0